| 000 | 00512nam a2200157 a 4500 | ||
|---|---|---|---|
| 001 | 3184 | ||
| 003 | CDMR | ||
| 005 | 20131007170534.0 | ||
| 008 | 130130s1981||||||||||||||||||||||||||||d | ||
| 020 | _a8450049474 | ||
| 040 |
_aCDMR _bcat _cCPC GIRONA |
||
| 100 | 1 |
_aMiralpeix Ballús, Concepció _91637 |
|
| 245 | 1 | 3 |
_aLa premsa de la ciutat de Vic al segle XIX _cper Concepcio Miralpeix i Ballus |
| 260 |
_c1981 _bGeneralitat de Catalunya. Departament de Cultura i Mitjans de Comunicació _aBarcelona |
||
| 942 |
_cMON _2udc |
||
| 999 |
_c3184 _d3184 |
||